000 00898cam a2200241 a 4500
001 000001559
005 20200929145624.0
008 000524s2001 mx ad b 001 0 spa
020 _a9701704045
040 _aDO-SdBNP
_bspa
_cBNPHU
041 1 7 _aeng
_hspa
082 _a621.395
_bW149d, 2001
100 1 _aWakerly, John F.
_95116
240 1 0 _aDigital design. Principles and practices.
_lEspañol
245 1 0 _aDiseño digital :
_bprincipios y prácticas /
_cJohn F. Wakerly ; traducción de Efrén Alatorre Miguel.
250 _a3a ed.
260 _aMéxico :
_bPearson Educación,
_c2001.
300 _axxviii, 946 p. :
_bil., tablas ;
_c24 cm.
440 0 _aPrentice Hall Xilinx design
_95117
534 _aTítulo original:
_tDigital design. Principles and practices
650 4 _aCircuitos integrados digitales
_xDiseño y construcción
_95118
700 1 _aAlatorre Miguel, Efrén,
_etr.
_95119
999 _c1460
_d1460